00366nam a22001337a 450000500170000000800410001704100130005808200130007110000130008424500340009726000430013130000320017465000260020620240712090801.0240712b |||||||| |||| 00| 0 eng d aEnglish  a349 SOU  lEnglish  aThe South African Law Reports aDurban: bJuta and Company Ltd, c1949 bxxix, 1211 pages; c25 cm.  aLegal practice bLaw